Statistiques concernant Album - Détail Koba LaD

Cliquez ici pour prendre le quiz!

Statistiques générales

  • Ce quiz a été pris 50 fois
  • Le résultat moyen est 15 sur 21

Statistiques - réponses

Titres% Correct
Ninho
92%
Coffre plein
89%
Maes
86%
Zed
84%
Dans l'avion
78%
Pas de reine
76%
Vald
76%
7 sur 7
73%
Encore
73%
PLK
73%
Freeze Corleone
70%
Omar
70%
En gros
68%
5H55
62%
Bedodo
62%
Céramique
62%
Cité
59%
Déclic
59%
Helsinki
57%
Chambre d'hotel
46%
Feux éteints
46%

Distribution des résultats

Percentile par nombre de réponses

% des personnes avec chaque résultat

Votre développement - résultats

Vous n’avez pas pris ce quiz